Диснеевский Злодей по Цитате - Statistics

General Stats
  • This quiz has been taken 41 times
  • The average score is 6 of 15
Answer Stats
Hint Answer % Correct
"Ну, что скажешь? Загробный мир тесен" Аид
83%
"О, Анна. Если бы тебя кто-нибудь любил" Ханс
69%
"Она откусит и заснёт... Яблочко, ну!" Злая Королева
66%
"А если супергерои все — то никто не супергерой" Синдром
55%
"Меха — это моя страсть, дорогуша, я без ума от них!" Стервелла де Виль
55%
"Как ты её читаешь? Здесь же нет картинок!" Гастон
45%
"И не стоит забывать такую важную вещь, как язык нашего тела!" Урсула
41%
"И поразит Он нечестивых! И ввергнет Он их в Геену огненную!" Клод Фролло
38%
"Ты только посмотри, какая уверенная, сильная, юная красавица... стоит рядом с тобой!" Матушка Готель
34%
"Я окружён идиотами" Шрам
31%
"Я в очках, очкастых не бьют!" Король Карамель
28%
"К СЕБЕ?! Твоего тут нет, тут всё моë!" Королева Червей
21%
"До чего же ты кровожадная пташка!" Джафар
17%
"Они безнадежны! Все они только позорят злодейство" Малефисента
14%
"Я гений, гений, гений! И точка!" Изма
14%
No matching quizzes found
Score Distribution
Percent of People with Each Score
Percentile by Number Answered
Your Score History
You have not taken this quiz